Normal view
MARC view
- N. Planiappan
Entry Personal Name
001 - CONTROL NUMBER
- control field: 124914
003 - CONTROL NUMBER IDENTIFIER
- control field: NUST
005 - DATE AND TIME OF LATEST TRANSACTION
- control field: 20240731094145.0
008 - FIXED-LENGTH DATA ELEMENTS
- fixed length control field: 240731|| aca||aabn | a|a d
040 ## - CATALOGING SOURCE
- Original cataloging agency: NUST
- Transcribing agency: NUST
100 ## - HEADING--PERSONAL NAME
- Personal name: N. Planiappan
670 ## - SOURCE DATA FOUND
- Source citation: Work cat.: (NUST): N. Planiappan, Fuzzy Topology , 2002.
